BUBT Library Online Catalog

Advanced writing skills (Record no. 162)

000 -LEADER
fixed length control field 00587nam a22001577a 4500
008 - FIXED-LENGTH DATA ELEMENTS--GENERAL INFORMATION
fixed length control field 130420b xxu||||| |||| 00| 0 eng d
020 ## - INTERNATIONAL STANDARD BOOK NUMBER
International Standard Book Number 0582554810
040 ## - CATALOGING SOURCE
Original cataloging agency Mawlana Bhashani Sceince and Technology University Library
Modifying agency Mawlana Bhashani Sceince and Technology University Library
082 ## - DEWEY DECIMAL CLASSIFICATION NUMBER
Edition number 22
Classification number 428 JOA
100 ## - MAIN ENTRY--PERSONAL NAME
Personal name John , Arnold & Jercomy , Hamer
245 ## - TITLE STATEMENT
Title Advanced writing skills
Remainder of title Advanced writing skills
Medium English
260 ## - PUBLICATION, DISTRIBUTION, ETC. (IMPRINT)
Place of publication, distribution, etc. England
Name of publisher, distributor, etc. England Longman Ltd,
Date of publication, distribution, etc. 1986
300 ## - PHYSICAL DESCRIPTION
Extent 22 cm
Size of unit 22 cm
700 ## - ADDED ENTRY--PERSONAL NAME
Personal name John, Arnold
Titles and other words associated with a name Advanecd writing skills
942 ## - ADDED ENTRY ELEMENTS (KOHA)
Source of classification or shelving scheme
Koha item type Books
Call number prefix 428 JOA

No items available.

More Information About Library

Library Hours

  • Open: 9.00 am. to 9.00 pm.
  • Only Sunday: 9.00 am. to 6.00 pm.
  • Closed: Holiday

Contact to the University

Bangladesh University of Business and Technology Library

  • Mirpurl-2, 1216.
  • Phone:
  • Fax:
  • E-Mail: admin.library@bubt.edu.bd

Contact to the Library

Contact Person:

Md. Abdul Hakim Shah
Joint Librarian
PABX No:  113
Cell No: 01816332931
E-mail: official: admin.library@bubt.edu.bd
Personal: hakim.shah@bubt.edu.bd


BUBT Library

Copyright © 2021